| 000 | 00835nam a2200241 4500 | ||
|---|---|---|---|
| 010 | _a110607 | ||
| 020 | _c00.00 | ||
| 035 | _a110607 | ||
| 037 | _aCen Lib/Ret | ||
| 040 |
_aDPL _bEN |
||
| 082 |
_a496.38 _bCAD |
||
| 245 |
_aA new pronouncing dictionary of the Spanish and English languages/ _cCompiled by Mariano Velazquez de la Cadena Edward Gray and Juan L. Iribas |
||
| 260 |
_aNew York _b Appleton-Century-Crofts _c1956 |
||
| 270 | _bNew York | ||
| 300 | _a2 v. ; (v 1. 759) | ||
| 500 | _a2 v. ; v 1. (available) ; v 2. (not available) | ||
| 650 | _aSpanish language -- Dictionaries -- English | ||
| 650 | _aEnglish language -- Dictionaries -- Spanish. | ||
| 700 | _aIribas, Juan L. | ||
| 700 | _a Cadena, Mariano Velázquez de la | ||
| 700 | _aGray, Edward | ||
| 942 |
_2ddc _cEN _h496.38 _mCAD |
||
| 999 |
_c136435 _d136435 |
||